| 000 | 00540nam a2200205Ia 4500 | ||
|---|---|---|---|
| 003 | GCL | ||
| 008 | 140319s9999 xx 000 0 ara d | ||
| 040 |
_aGCL / _cGCL |
||
| 082 | 0 | 4 |
_aط _b607 _bس ض |
| 100 | 1 | _aسهام كوركيس | |
| 245 | 1 | 0 |
_aالضوء فى تجارب / _cسهام كوركيس |
| 300 | _a49 ص | ||
| 490 |
_a100 قصة _v0 |
||
| 650 | 0 | 4 | _aالضوء |
| 650 | 0 | 4 | _aانعكاس الضوء |
| 650 | 0 | 4 | _aانكسار الضوء |
| 650 | 0 | 4 | _aتحليل |
| 650 | 0 | 4 | _aانتشار الضوء |
| 942 |
_2ddc _cBK |
||
| 999 |
_c45900 _d45900 |
||